00282nam a2200097Ia 4500008004100000082001900041100001300060245005900073260004200132300001000174210430s9999 xx 000 0 und d a651.75 A8191 O aA Ashley aOxford Handbook of Commercial CorrespondencecA Ashley aIndia bOxford University Pressc2009 a304p.